[Event "EU-ch U16 Girls"]
[Site "Tallinn"]
[Date "1997.??.??"]
[Round "5"]
[White "Moser, Eva"]
[Black "Bhatia, Kanwal K"]
[Result "1-0"]
[WhiteElo "2215"]
[BlackElo "2025"]
[PlyCount "65"]
[EventDate "1997.??.??"]
[EventType "swiss"]
[EventRounds "9"]
[EventCountry "EST"]
[SourceTitle "EXT 1998"]
[Source "ChessBase"]
[SourceDate "1997.11.17"]
[SourceVersion "1"]
[SourceVersionDate "1997.11.17"]
[SourceQuality "1"]

1. e4 e5 2. Nf3 Nc6 3. Bc4 Bc5 4. c3 Nf6 5. O-O O-O 6. d4 Be7 7. dxe5 Nxe4 8.
Qd5 Nc5 9. Nd4 d6 10. exd6 Bxd6 11. Nxc6 bxc6 12. Qh5 Be6 13. Na3 Rb8 14. b4
Bxc4 15. Nxc4 Ne4 16. Qf3 f5 17. Be3 a6 18. Bd4 Be7 19. Rad1 Qe8 20. Rfe1 Qf7
21. Nd2 Qxa2 22. Nxe4 fxe4 23. Qxe4 Bf6 24. Ra1 Qf7 25. Bxf6 Qxf6 26. Qc4+ Qf7
27. Qxf7+ Rxf7 28. Rxa6 Rf6 29. f3 Kf8 30. Kf2 Rd6 31. Re5 Rf6 32. Re2 Rd8 33.
g4 1-0

[Event "EU-ch U16 Girls"]
[Site "Tallinn"]
[Date "1997.??.??"]
[Round "4"]
[White "Rajlich, Iweta"]
[Black "Moser, Eva"]
[Result "1-0"]
[WhiteElo "2220"]
[BlackElo "2215"]
[PlyCount "63"]
[EventDate "1997.??.??"]
[EventType "swiss"]
[EventRounds "9"]
[EventCountry "EST"]
[SourceTitle "EXT 1998"]
[Source "ChessBase"]
[SourceDate "1997.11.17"]
[SourceVersion "1"]
[SourceVersionDate "1997.11.17"]
[SourceQuality "1"]

1. d4 Nf6 2. c4 g6 3. Nc3 Bg7 4. Nf3 d6 5. e4 O-O 6. Be2 e5 7. d5 a5 8. h3 Na6
9. Bg5 h6 10. Be3 Nc5 11. Nd2 Nfd7 12. g4 c6 13. Rb1 f5 14. gxf5 gxf5 15. exf5
Qh4 16. Nf3 Qf6 17. Rg1 Nb6 18. Nxe5 Bxf5 19. Ng4 Bxg4 20. Rxg4 Nbd7 21. Rg3
Rae8 22. Kd2 Kh8 23. Qc2 Qe7 24. Rbg1 Rg8 25. Kc1 Nf6 26. Bf3 b5 27. Qg6 Nfe4
28. Bxe4 Nxe4 29. Qxe4 Qxe4 30. Nxe4 Rxe4 31. Kb1 Ree8 32. Rxg7 1-0

[Event "EU-ch U16 Girls"]
[Site "Tallinn"]
[Date "1997.??.??"]
[Round "2"]
[White "Rapcsak, Andrea"]
[Black "Moser, Eva"]
[Result "0-1"]
[WhiteElo "2065"]
[BlackElo "2215"]
[PlyCount "92"]
[EventDate "1997.??.??"]
[EventType "swiss"]
[EventRounds "9"]
[EventCountry "EST"]
[SourceTitle "EXT 1998"]
[Source "ChessBase"]
[SourceDate "1997.11.17"]
[SourceVersion "1"]
[SourceVersionDate "1997.11.17"]
[SourceQuality "1"]

1. e4 e6 2. d4 d5 3. e5 c5 4. c3 Nc6 5. Nf3 Qb6 6. a3 c4 7. Nbd2 f6 8. Be2 fxe5
9. dxe5 Nh6 10. O-O Ng4 11. b3 Bc5 12. Qe1 cxb3 13. Rb1 O-O 14. Nxb3 Ngxe5 15.
Bg5 Bd6 16. Nbd4 Qc7 17. c4 Nxf3+ 18. Nxf3 Ne5 19. Nxe5 Bxe5 20. g3 Bd7 21.
cxd5 exd5 22. Qd2 Bc6 23. Bb5 a6 24. Be2 Rae8 25. f4 Bc3 26. Qxc3 Rxe2 27. Qd4
Rfe8 28. f5 R8e4 29. Qd3 Qe5 30. Bf4 Qd4+ 31. Qxd4 Rxd4 32. Rbd1 Rde4 33. Rd2
Rxf4 34. Rxe2 Rxf1+ 35. Kxf1 Bb5 36. Kf2 Bxe2 37. Kxe2 b5 38. Kd3 a5 39. Kd4 b4
40. axb4 axb4 41. g4 g6 42. fxg6 hxg6 43. h4 Kf7 44. Kd3 Ke6 45. Kd4 Kf6 46.
Kd3 Ke5 0-1

[Event "Jacques Lemans op 16th"]
[Site "St Veit"]
[Date "1996.??.??"]
[Round "9"]
[White "Moser, Eva"]
[Black "Trifuncevic, Bosko"]
[Result "0-1"]
[WhiteElo "2235"]
[BlackElo "1885"]
[PlyCount "94"]
[EventDate "1996.07.??"]
[EventType "swiss"]
[EventRounds "9"]
[EventCountry "AUT"]
[SourceTitle "EXT 1999"]
[Source "ChessBase"]
[SourceDate "1998.11.16"]
[SourceVersion "1"]
[SourceVersionDate "1998.11.16"]
[SourceQuality "1"]

1. e4 c5 2. Nc3 Nc6 3. g3 d6 4. Bg2 g6 5. d3 Bg7 6. f4 a6 7. Nf3 e6 8. O-O Qc7
9. f5 Bxc3 10. bxc3 exf5 11. Bf4 Nge7 12. Nd2 Be6 13. exf5 Bxf5 14. g4 Be6 15.
Ne4 O-O-O 16. c4 f5 17. Ng5 Bg8 18. gxf5 gxf5 19. Rb1 h6 20. Nh3 Ng6 21. Qh5
Nxf4 22. Nxf4 Qf7 23. Qxf7 Bxf7 24. Bh3 Rhg8+ 25. Kf2 Rg5 26. Rg1 Kc7 27. c3 b6
28. Rge1 Ne5 29. Re2 Be8 30. a4 a5 31. Reb2 Rb8 32. Rg1 Bf7 33. Kf1 Rbg8 34.
Rbg2 Nf3 35. Rxg5 hxg5 36. Rg2 Nxh2+ 37. Kg1 gxf4 38. Rxg8 Bxg8 39. Kxh2 Be6
40. Kg2 Bd7 41. Kf3 Bxa4 42. Bxf5 Bc2 43. Ke2 f3+ 44. Kd2 f2 45. Bh3 Bb3 46.
Kc1 a4 47. Kb2 Kd8 0-1

[Event "AUT-chT2S 9697"]
[Site "Austria"]
[Date "1996.??.??"]
[Round "7"]
[White "Moser, Eva"]
[Black "Danner, Georg"]
[Result "0-1"]
[WhiteElo "2105"]
[BlackElo "2375"]
[PlyCount "134"]
[EventDate "1996.??.??"]
[EventType "team-tourn"]
[EventRounds "11"]
[EventCountry "AUT"]
[SourceTitle "EXT 1999"]
[Source "ChessBase"]
[SourceDate "1998.11.16"]
[SourceVersion "1"]
[SourceVersionDate "1998.11.16"]
[SourceQuality "1"]

1. e4 c5 2. Nc3 d6 3. g3 g6 4. Bg2 Bg7 5. d3 Nc6 6. f4 e5 7. Nf3 Nge7 8. O-O
exf4 9. Bxf4 O-O 10. Qd2 Ne5 11. Bh6 Be6 12. Qf4 N7c6 13. Bxg7 Kxg7 14. Qe3 Qe7
15. a3 Rab8 16. Rae1 b5 17. Nd5 Bxd5 18. exd5 Nxf3+ 19. Qxf3 Ne5 20. Qf4 f5 21.
Re2 Qf6 22. Rfe1 b4 23. Kh1 Rf7 24. Qd2 bxa3 25. bxa3 Rb2 26. Qc3 Rfb7 27. h3
Rb1 28. Rxb1 Rxb1+ 29. Re1 Rxe1+ 30. Qxe1 f4 31. gxf4 Qxf4 32. Qc3 h5 33. Qb3
Qf7 34. Qb8 Qe7 35. Qb2 Kh6 36. d4 cxd4 37. Qxd4 Qc7 38. c3 Qb6 39. Qxb6 axb6
40. Bf1 Kg5 41. Kg2 Kf4 42. Bb5 Ke4 43. Kg3 Kxd5 44. Kf4 Ke6 45. h4 d5 46. Kg5
Kf7 47. Be2 Kg7 48. Bd1 Nf7+ 49. Kf4 Kf6 50. Bb3 Nd6 51. Bxd5 Nf5 52. c4 Nxh4
53. a4 Nf5 54. Ke4 g5 55. Bc6 Ne7 56. Bb5 h4 57. Kf3 Ng6 58. c5 bxc5 59. a5
Ne5+ 60. Ke4 h3 61. Bf1 h2 62. Bg2 Ke6 63. a6 Nc6 64. Ke3 Kd6 65. Kd2 c4 66.
Kc3 Kc5 67. Bh1 Na7 0-1

[Event "Jacques Lemans op 16th"]
[Site "St Veit"]
[Date "1996.??.??"]
[Round "7"]
[White "Widowitz, Josef"]
[Black "Moser, Eva"]
[Result "1-0"]
[WhiteElo "1951"]
[BlackElo "2235"]
[PlyCount "147"]
[EventDate "1996.07.??"]
[EventType "swiss"]
[EventRounds "9"]
[EventCountry "AUT"]
[SourceTitle "EXT 1999"]
[Source "ChessBase"]
[SourceDate "1998.11.16"]
[SourceVersion "1"]
[SourceVersionDate "1998.11.16"]
[SourceQuality "1"]

1. e4 e6 2. d4 d5 3. exd5 exd5 4. Nf3 Bd6 5. Bd3 Nc6 6. O-O Bg4 7. Be3 Qd7 8.
Nbd2 Nge7 9. c3 f6 10. b4 O-O 11. Qc2 Bf5 12. b5 Nd8 13. c4 c6 14. a4 Bxd3 15.
Qxd3 Qf5 16. Qxf5 Nxf5 17. Rfe1 Ne6 18. cxd5 cxd5 19. Nb3 Rac8 20. Rac1 Kf7 21.
Bd2 Ba3 22. Ra1 Bd6 23. Rac1 Ba3 24. Ra1 Be7 25. Rac1 b6 26. Kf1 Rc4 27. Rxc4
dxc4 28. d5 Nc7 29. Nbd4 Nxd4 30. Nxd4 Nxd5 31. Rc1 Rc8 32. Nc6 Ba3 33. Rxc4
Ne7 34. Bf4 Nxc6 35. bxc6 Bc5 36. c7 Ke6 37. g4 Kd5 38. Rc1 Be7 39. Re1 Bc5 40.
Rd1+ Kc6 41. Rd8 Kb7 42. h4 a6 43. Ke2 Be7 44. Rd7 Re8 45. Kd3 g5 46. Bd6 Bxd6
47. Rd8 Kxc7 48. Rxe8 gxh4 49. Rh8 Bc5 50. Rxh7+ Kd6 51. f4 Bf2 52. Ke4 Be1 53.
Kf5 Bc3 54. Rxh4 Kd5 55. Rh6 b5 56. axb5 axb5 57. Rxf6 Bxf6 58. Kxf6 b4 59. g5
b3 60. g6 b2 61. g7 b1=Q 62. g8=Q+ Kd4 63. Qe6 Qh7 64. Qe5+ Kc4 65. Qe2+ Kd4
66. Qd2+ Kc5 67. Qc3+ Kd5 68. Qf3+ Kd6 69. Qd1+ Kc6 70. Qg4 Qh8+ 71. Kf7 Qh7+
72. Qg7 Qh3 73. Qf6+ Kd5 74. Qe5+ 1-0

[Event "Jacques Lemans op 16th"]
[Site "St Veit"]
[Date "1996.??.??"]
[Round "6"]
[White "Moser, Eva"]
[Black "Hebesberger, Thomas"]
[Result "0-1"]
[WhiteElo "2235"]
[BlackElo "2145"]
[PlyCount "118"]
[EventDate "1996.07.??"]
[EventType "swiss"]
[EventRounds "9"]
[EventCountry "AUT"]
[SourceTitle "EXT 1999"]
[Source "ChessBase"]
[SourceDate "1998.11.16"]
[SourceVersion "1"]
[SourceVersionDate "1998.11.16"]
[SourceQuality "1"]

1. e4 c5 2. Nc3 Nc6 3. g3 g6 4. Bg2 Bg7 5. d3 e6 6. f4 Nge7 7. Nf3 O-O 8. O-O
d5 9. Bd2 b6 10. Rb1 Bb7 11. g4 f5 12. gxf5 exf5 13. e5 Qd7 14. h4 Nd8 15. h5
Ne6 16. Qe1 d4 17. Nd1 Rad8 18. Qg3 Bh6 19. Nf2 Kh8 20. Nh3 Rg8 21. Nhg5 Bxg5
22. Nxg5 Bxg2 23. Qxg2 Nxg5 24. fxg5 gxh5 25. Qh2 Ng6 26. Rbe1 Rde8 27. Qxh5
Rxe5 28. Qh3 Rge8 29. Rxe5 Rxe5 30. Qf3 Qe7 31. Rf2 Kg7 32. Kf1 f4 33. c3 Qxg5
34. cxd4 cxd4 35. Bxf4 Nxf4 36. Qxf4 Qxf4 37. Rxf4 Rd5 38. Kg2 Kg6 39. Re4 h5
40. Kg3 Kg5 41. Kh3 Rd7 42. Re5+ Kf4 43. Re4+ Kf3 44. Kh4 Rd5 45. b4 Rf5 46.
Re6 Rb5 47. a3 a5 48. bxa5 Rxa5 49. Re4 Rd5 50. a4 Rf5 51. Kh3 Rf4 52. Re6 Rf8
53. Rxb6 Ke3 54. Rb3 Ra8 55. Ra3 Ra5 56. Kg3 Kd2 57. Kf4 Kc2 58. Ra2+ Kc3 59.
Ra3+ Kb4 0-1

[Event "AUT-chT2S 9697"]
[Site "Austria"]
[Date "1996.??.??"]
[Round "6"]
[White "Janisch, Robert"]
[Black "Moser, Eva"]
[Result "0-1"]
[WhiteElo "2100"]
[BlackElo "2105"]
[PlyCount "48"]
[EventDate "1996.??.??"]
[EventType "team-tourn"]
[EventRounds "11"]
[EventCountry "AUT"]
[SourceTitle "EXT 1999"]
[Source "ChessBase"]
[SourceDate "1998.11.16"]
[SourceVersion "1"]
[SourceVersionDate "1998.11.16"]
[SourceQuality "1"]

1. d4 Nf6 2. c4 g6 3. Nc3 Bg7 4. e4 d6 5. f4 O-O 6. Nf3 c5 7. d5 e6 8. dxe6
Bxe6 9. Bd3 Nc6 10. f5 Bc8 11. O-O Re8 12. Bg5 h6 13. fxg6 hxg5 14. gxf7+ Kxf7
15. Nxg5+ Kg8 16. Rxf6 Bxf6 17. Qh5 Re7 18. Nd5 Rg7 19. Nxf6+ Qxf6 20. Rf1 Bg4
21. Qxg4 Qxg5 22. Qe6+ Kh8 23. g3 Qe7 24. Qf5 Qe5 0-1

[Event "Jacques Lemans op 16th"]
[Site "St Veit"]
[Date "1996.??.??"]
[Round "5"]
[White "Eberhart, Arnold"]
[Black "Moser, Eva"]
[Result "0-1"]
[WhiteElo "1999"]
[BlackElo "2235"]
[PlyCount "56"]
[EventDate "1996.07.??"]
[EventType "swiss"]
[EventRounds "9"]
[EventCountry "AUT"]
[SourceTitle "EXT 1999"]
[Source "ChessBase"]
[SourceDate "1998.11.16"]
[SourceVersion "1"]
[SourceVersionDate "1998.11.16"]
[SourceQuality "1"]

1. f4 d6 2. Nf3 g6 3. d4 Nf6 4. Nc3 Bg7 5. e4 O-O 6. e5 Nfd7 7. h4 c5 8. h5
cxd4 9. Qxd4 dxe5 10. Qf2 exf4 11. hxg6 hxg6 12. Qh4 Nf6 13. Bxf4 Nc6 14. Bh6
Nh5 15. Bd2 Qc7 16. O-O-O Qg3 17. Qa4 Bf5 18. Ne2 Qg4 19. Qb3 Bd7 20. Rh4 Qe6
21. Qa3 Ne5 22. Ng5 Qf6 23. Rb4 b5 24. Ne4 Qb6 25. Be3 Qc7 26. N2c3 a5 27. Rxb5
Bxb5 28. Nxb5 Qc6 0-1

[Event "AUT-chT2S 9697"]
[Site "Austria"]
[Date "1996.??.??"]
[Round "5"]
[White "Dohr, Alexander"]
[Black "Moser, Eva"]
[Result "1-0"]
[WhiteElo "2125"]
[BlackElo "2105"]
[PlyCount "151"]
[EventDate "1996.??.??"]
[EventType "team-tourn"]
[EventRounds "11"]
[EventCountry "AUT"]
[SourceTitle "EXT 1999"]
[Source "ChessBase"]
[SourceDate "1998.11.16"]
[SourceVersion "1"]
[SourceVersionDate "1998.11.16"]
[SourceQuality "1"]

1. e4 e6 2. d4 d5 3. e5 c5 4. Qg4 cxd4 5. Nf3 Nc6 6. Bd3 Nge7 7. O-O Ng6 8. Qg3
Be7 9. a3 Bh4 10. Nxh4 Qxh4 11. Qxh4 Nxh4 12. Re1 O-O 13. Nd2 f6 14. f4 fxe5
15. fxe5 Bd7 16. b4 a6 17. Bb2 Rf7 18. Nb3 Nf5 19. Nc5 Bc8 20. Rad1 b6 21. Na4
Ne3 22. Rd2 b5 23. Nc5 Nxe5 24. Bxd4 Nxd3 25. cxd3 Nf5 26. Bf2 Re7 27. Rde2 Kf7
28. Nb3 Bd7 29. Bc5 Ree8 30. g4 Ne7 31. Bxe7 Rxe7 32. Nc5 Ra7 33. Rf2+ Ke8 34.
Ref1 Kd8 35. Rf8+ Re8 36. R8f7 Re7 37. d4 Bc8 38. Rf8+ Re8 39. Nd3 Rc7 40. Ne5
Rxf8 41. Rxf8+ Ke7 42. Rf7+ Kd6 43. Rxc7 Kxc7 44. Kf2 Kd6 45. Ke3 Ke7 46. Kf4
Kf6 47. h4 h6 48. g5+ hxg5+ 49. hxg5+ Ke7 50. Nd3 Kd6 51. Nc5 g6 52. Nd3 Bd7
53. Ne5 Be8 54. Nd3 Bd7 55. Ke3 Ke7 56. Nc5 Bc8 57. Kf3 Bd7 58. Kf4 Kd6 59.
Nxa6 Be8 60. Nc5 Bc6 61. Nd3 Be8 62. Ke3 Kc7 63. Kf3 Kc6 64. Kf4 Kd6 65. Ne5
Ke7 66. Ng4 Kd6 67. Nf6 Bf7 68. Ng4 Bg8 69. Nh6 Bh7 70. Nf7+ Ke7 71. Ne5 Kd6
72. Ke3 Ke7 73. Kd2 Bg8 74. Nxg6+ Kf7 75. Ne5+ Kg7 76. a4 1-0

[Event "AUT-chT2S 9697"]
[Site "Austria"]
[Date "1996.??.??"]
[Round "4"]
[White "Moser, Eva"]
[Black "Kornprat, Manfred"]
[Result "1-0"]
[WhiteElo "2105"]
[BlackElo "2040"]
[PlyCount "71"]
[EventDate "1996.??.??"]
[EventType "team-tourn"]
[EventRounds "11"]
[EventCountry "AUT"]
[SourceTitle "EXT 1999"]
[Source "ChessBase"]
[SourceDate "1998.11.16"]
[SourceVersion "1"]
[SourceVersionDate "1998.11.16"]
[SourceQuality "1"]

1. e4 c5 2. Nc3 Nc6 3. g3 d6 4. Bg2 g6 5. d3 Bg7 6. f4 e6 7. Nf3 Nge7 8. O-O
O-O 9. Be3 Nd4 10. Rb1 Rb8 11. Ne2 Nxf3+ 12. Rxf3 b6 13. g4 f5 14. h3 Bb7 15.
Rf1 Qd7 16. c3 c4 17. dxc4 Bxe4 18. Bxe4 fxe4 19. Bd4 Nc6 20. Bxg7 Kxg7 21. Ng3
d5 22. Nxe4 Rbd8 23. cxd5 exd5 24. Ng3 Qd6 25. Qd2 Rde8 26. Rbd1 Qc5+ 27. Kh2
Rd8 28. Ne2 Rde8 29. Rde1 a5 30. Nd4 Rxe1 31. Rxe1 Nxd4 32. cxd4 Qd6 33. Re5
Rc8 34. Qg2 Rd8 35. Qe2 Qb4 36. Re7+ 1-0

[Event "Jacques Lemans op 16th"]
[Site "St Veit"]
[Date "1996.??.??"]
[Round "4"]
[White "Moser, Eva"]
[Black "Mazi, Leon"]
[Result "0-1"]
[WhiteElo "2235"]
[BlackElo "2355"]
[PlyCount "108"]
[EventDate "1996.07.??"]
[EventType "swiss"]
[EventRounds "9"]
[EventCountry "AUT"]
[SourceTitle "EXT 1999"]
[Source "ChessBase"]
[SourceDate "1998.11.16"]
[SourceVersion "1"]
[SourceVersionDate "1998.11.16"]
[SourceQuality "1"]

1. e4 Nf6 2. Nc3 d5 3. exd5 Nxd5 4. Nxd5 Qxd5 5. Qf3 c6 6. Qxd5 cxd5 7. Nf3 Nc6
8. Bb5 a6 9. Ba4 Bd7 10. O-O e6 11. d4 Bd6 12. c3 f6 13. Ne1 Ke7 14. Bc2 Rac8
15. Be3 Na5 16. Nd3 g5 17. Rae1 h6 18. f4 Bb5 19. Rf2 Rce8 20. Bc1 Kf7 21. g3
Kg7 22. Rfe2 Kf7 23. Rf2 g4 24. Ne5+ Bxe5 25. fxe5 f5 26. Bd1 Kg6 27. h3 h5 28.
h4 Rc8 29. Bg5 Bd3 30. Be7 b6 31. Ba4 Kf7 32. Bg5 Rc7 33. Rd2 Bc4 34. a3 Bb3
35. Bxb3 Nxb3 36. Rf2 Rc4 37. Rd1 a5 38. Rd3 Rhc8 39. Kg2 b5 40. Kh2 Kg6 41.
Kg2 Kf7 42. Be3 Ke8 43. Kf1 Kd7 44. Ke1 b4 45. cxb4 a4 46. Kd1 R8c7 47. Rg2 Kc8
48. Rf2 Kb7 49. Rg2 Ka6 50. Rf2 Kb5 51. Rg2 Kb6 52. Bd2 Rc2 53. Rc3 Rxb2 54.
Re2 Rxd2+ 0-1

[Event "AUT-chT2S 9697"]
[Site "Austria"]
[Date "1996.??.??"]
[Round "3"]
[White "Pilaj, Herwig"]
[Black "Moser, Eva"]
[Result "1/2-1/2"]
[WhiteElo "2170"]
[BlackElo "2105"]
[PlyCount "30"]
[EventDate "1996.??.??"]
[EventType "team-tourn"]
[EventRounds "11"]
[EventCountry "AUT"]
[SourceTitle "EXT 1999"]
[Source "ChessBase"]
[SourceDate "1998.11.16"]
[SourceVersion "1"]
[SourceVersionDate "1998.11.16"]
[SourceQuality "1"]

1. e4 e6 2. d3 d5 3. Nd2 Nf6 4. Ngf3 c5 5. g3 Nc6 6. Bg2 Be7 7. O-O b6 8. Re1
Bb7 9. c3 Qc7 10. a3 O-O 11. e5 Nd7 12. Qe2 b5 13. Nf1 b4 14. h4 Qa5 15. Bd2
Ba6 1/2-1/2

[Event "Jacques Lemans op 16th"]
[Site "St Veit"]
[Date "1996.??.??"]
[Round "3"]
[White "Moser, Eva"]
[Black "Kosmac, Blaz"]
[Result "1-0"]
[WhiteElo "2235"]
[BlackElo "2047"]
[PlyCount "93"]
[EventDate "1996.07.??"]
[EventType "swiss"]
[EventRounds "9"]
[EventCountry "AUT"]
[SourceTitle "EXT 1999"]
[Source "ChessBase"]
[SourceDate "1998.11.16"]
[SourceVersion "1"]
[SourceVersionDate "1998.11.16"]
[SourceQuality "1"]

1. e4 c5 2. Nc3 e6 3. g3 Nc6 4. Bg2 g6 5. f4 Bg7 6. d3 Nge7 7. Nf3 d6 8. O-O
O-O 9. Be3 Nd4 10. Rb1 b6 11. Ne2 Nxe2+ 12. Qxe2 Bb7 13. Bf2 e5 14. Bh3 f5 15.
fxe5 dxe5 16. Be1 Qd6 17. Nd2 b5 18. g4 fxg4 19. Qxg4 Rxf1+ 20. Nxf1 Bc8 21.
Qg2 Be6 22. Bxe6+ Qxe6 23. Ra1 Rc8 24. Ne3 Bh6 25. Nd5 Nxd5 26. exd5 Qd7 27. c4
Qf5 28. Qe4 Qxe4 29. dxe4 Be3+ 30. Bf2 Bxf2+ 31. Kxf2 bxc4 32. Ke3 Rb8 33. Rb1
Kf7 34. Kd2 Ke7 35. Kc3 Rf8 36. Kxc4 Kd6 37. b4 cxb4 38. Rxb4 Rc8+ 39. Kd3 Rc7
40. Ra4 Re7 41. Ra6+ Kc5 42. Rc6+ Kb5 43. a4+ Kxa4 44. Kc4 a5 45. d6 Rb7 46.
Rc7 Rb1 47. Kd5 1-0

[Event "Jacques Lemans op 16th"]
[Site "St Veit"]
[Date "1996.??.??"]
[Round "2"]
[White "Newrkla, Alexander"]
[Black "Moser, Eva"]
[Result "0-1"]
[WhiteElo "1946"]
[BlackElo "2235"]
[PlyCount "80"]
[EventDate "1996.07.??"]
[EventType "swiss"]
[EventRounds "9"]
[EventCountry "AUT"]
[SourceTitle "EXT 1999"]
[Source "ChessBase"]
[SourceDate "1998.11.16"]
[SourceVersion "1"]
[SourceVersionDate "1998.11.16"]
[SourceQuality "1"]

1. Nf3 Nf6 2. g3 g6 3. Bg2 Bg7 4. O-O O-O 5. d3 Nc6 6. Nbd2 e5 7. c4 d6 8. Rb1
a5 9. a3 a4 10. b4 axb3 11. Nxb3 h6 12. h3 Be6 13. Nh2 Qd7 14. g4 Nh7 15. f4
exf4 16. Rxf4 f5 17. Bd5 Bxd5 18. cxd5 Ne7 19. e4 fxe4 20. Rxf8+ Rxf8 21. dxe4
Qa4 22. Qe2 Nf6 23. Nd2 Re8 24. Qb5 Qxb5 25. Rxb5 Nexd5 26. exd5 Re1+ 27. Kf2
Rxc1 28. Nhf3 b6 29. Ke2 Rc3 30. a4 Rc5 31. Rxc5 dxc5 32. a5 bxa5 33. Nb3 Nxd5
34. Nxa5 Nf4+ 35. Kf2 Kf7 36. h4 Bd4+ 37. Nxd4 cxd4 38. Kf3 g5 39. Nc6 d3 40.
hxg5 d2 0-1

[Event "AUT-chT2S 9697"]
[Site "Austria"]
[Date "1996.??.??"]
[Round "2"]
[White "Smole, Albert"]
[Black "Moser, Eva"]
[Result "0-1"]
[WhiteElo "2160"]
[BlackElo "2105"]
[PlyCount "110"]
[EventDate "1996.??.??"]
[EventType "team-tourn"]
[EventRounds "11"]
[EventCountry "AUT"]
[SourceTitle "EXT 1999"]
[Source "ChessBase"]
[SourceDate "1998.11.16"]
[SourceVersion "1"]
[SourceVersionDate "1998.11.16"]
[SourceQuality "1"]

1. e4 e6 2. d4 d5 3. Nd2 c5 4. exd5 exd5 5. Ngf3 Nc6 6. Bb5 Bd6 7. O-O cxd4 8.
Re1+ Nge7 9. Nxd4 O-O 10. N2f3 Bg4 11. Qd3 Nxd4 12. Nxd4 a6 13. Ba4 Qa5 14.
Rxe7 Bxe7 15. Bb3 Qe1+ 16. Qf1 Qxf1+ 17. Kxf1 Bf6 18. Be3 Rfe8 19. c3 Rad8 20.
h3 Bxd4 21. cxd4 Be6 22. Ke1 Rc8 23. Kd2 f6 24. Rg1 b5 25. g4 Rc6 26. f4 a5 27.
f5 a4 28. Bd1 Bf7 29. Be2 Rec8 30. Bd3 b4 31. Rb1 Ra8 32. Kd1 b3 33. Ra1 Rcc8
34. Bf4 Be8 35. Bd6 Rd8 36. Bc5 Rdb8 37. axb3 Rxb3 38. Kc2 Bb5 39. Bxb5 Rxb5
40. Re1 Rb3 41. Re6 Rxh3 42. Rd6 Rg3 43. Rxd5 Rxg4 44. Kd3 h5 45. Rd7 h4 46.
Re7 h3 47. Re1 Rb8 48. Ba3 Rb5 49. Rh1 Rh4 50. Bc5 Rxb2 51. d5 Rb5 52. Rc1 h2
53. d6 Rxc5 54. Rxc5 h1=Q 55. Kc3 Qf3+ 0-1

[Event "AUT-chT2S 9697"]
[Site "Austria"]
[Date "1996.??.??"]
[Round "1"]
[White "Moser, Eva"]
[Black "Meyer, Paul"]
[Result "1-0"]
[WhiteElo "2105"]
[BlackElo "2205"]
[PlyCount "69"]
[EventDate "1996.??.??"]
[EventType "team-tourn"]
[EventRounds "11"]
[EventCountry "AUT"]
[SourceTitle "EXT 1999"]
[Source "ChessBase"]
[SourceDate "1998.11.16"]
[SourceVersion "1"]
[SourceVersionDate "1998.11.16"]
[SourceQuality "1"]

1. e4 Nf6 2. e5 Nd5 3. d4 d6 4. c4 Nb6 5. exd6 exd6 6. h3 Be7 7. Nf3 O-O 8. Be2
c6 9. O-O d5 10. b3 Re8 11. Be3 Be6 12. Nbd2 a5 13. Rc1 Na6 14. Ne5 Ba3 15. Rc2
Nb4 16. c5 Bf5 17. Bd3 Nxd3 18. g4 Rxe5 19. gxf5 Rxe3 20. fxe3 Qg5+ 21. Kh2
Qxe3 22. Nb1 Bb4 23. Rf3 Qe1 24. Rxd3 Nd7 25. a3 Qxd1 26. Rxd1 Nf6 27. axb4
axb4 28. Re1 Ra1 29. Rce2 h5 30. Nd2 Ra2 31. Nf3 Ra3 32. Re8+ Nxe8 33. Rxe8+
Kh7 34. Ng5+ Kh6 35. Nxf7+ 1-0

[Event "Jacques Lemans op 16th"]
[Site "St Veit"]
[Date "1996.??.??"]
[Round "1"]
[White "Moser, Eva"]
[Black "Mossleitner, Hugo"]
[Result "1-0"]
[WhiteElo "2235"]
[BlackElo "1792"]
[PlyCount "45"]
[EventDate "1996.07.??"]
[EventType "swiss"]
[EventRounds "9"]
[EventCountry "AUT"]
[SourceTitle "EXT 1999"]
[Source "ChessBase"]
[SourceDate "1998.11.16"]
[SourceVersion "1"]
[SourceVersionDate "1998.11.16"]
[SourceQuality "1"]

1. e4 e6 2. d4 b6 3. Nf3 Bb7 4. Bd3 d6 5. O-O Ne7 6. Bg5 h6 7. Be3 Qd7 8. Nc3
Ba6 9. Bxa6 Nxa6 10. Qe2 Nb8 11. d5 g5 12. dxe6 Qxe6 13. Nd4 Qd7 14. Nd5 Nxd5
15. exd5 Kd8 16. f4 g4 17. f5 h5 18. Rae1 Kc8 19. f6 Kb7 20. Qc4 a5 21. Re2 a4
22. Bd2 Na6 23. Qc6+ 1-0